Word Twist Blitz Quiz Stats

Quiz Updated Feb 21, 2013

Challenge
Share
Tweet
Embed
Score 0/30 Timer 02:00
0 Plays Today
% Correct
KAYAK
77.2%
AAKKY
76.4%
AAYKK
74.3%
AAKYK
71.7%
AKKAY
63.3%
AYAKK
62.9%
YAKAK
62.7%
AKAKY
60.4%
KKAAY
59.1%
YAAKK
58.8%
AKKYA
57.1%
AKAYK
57.1%
KAYKA
56.7%
AKYAK
56.1%
YAKKA
55.5%
% Correct
KKAYA
54.9%
KAAYK
54.8%
AYKAK
54.1%
KAKAY
53.6%
YKKAA
53.6%
AYKKA
52.5%
KKYAA
52.5%
YKAKA
48.8%
KAAKY
48.7%
AKYKA
48%
KYAAK
47%
KAKYA
45%
KYAKA
44.1%
KYKAA
38.6%
YKAAK
37.9%

You're not logged in!

Compare scores with friends on all Sporcle quizzes.
Sign Up with Email
OR
Log In

You Might Also Like...

Show Comments

Extras

Top Quizzes Today


Score Distribution

Your Account Isn't Verified!

In order to create a playlist on Sporcle, you need to verify the email address you used during registration. Go to your Sporcle Settings to finish the process.